[Event "K41 Efteraars EMT Mesterklassen 2008"]
[Site "Valby"]
[Date "2008.10.21"]
[Round "6"]
[White "Hagen, Andreas Skytte"]
[Black "Ottosen, Peder"]
[Result "0-1"]
[WhiteElo "2260"]
[BlackElo "2021"]
[PlyCount "86"]
[EventDate "2008.??.??"]

1. e4 c6 2. d4 d5 3. Nc3 dxe4 4. Nxe4 Bf5 5. Ng3 Bg6 6. h4 h6 7. Nf3 Nd7 8. h5
Bh7 9. Bd3 Bxd3 10. Qxd3 Qc7 11. Bd2 Ngf6 12. O-O-O e6 13. Ne4 Nxe4 14. Qxe4
Nf6 15. Qe2 O-O-O 16. g3 Bd6 17. c4 Rhe8 18. c5 Bf8 19. Bf4 Qa5 20. Rd3 Nd5 21.
Ra3 Nxf4 22. gxf4 Qc7 23. Rxa7 Kb8 24. Ra3 Qxf4+ 25. Kb1 e5 26. dxe5 Bxc5 27.
Rb3 Re7 28. Rc1 Red7 29. a3 Rd5 30. Qc2 Ka8 31. Rc3 Bb6 32. Qe2 Bc7 33. Ka2 Qa4
34. Rg1 Qa5 35. Re3 Bb6 36. Re4 Rd3 37. Qc2 Qd5+ 38. Qc4 Rxf3 39. Rxg7 Rxf2 40.
Qxd5 Rxd5 41. Ra4+ Kb8 42. Rg8+ Kc7 43. Raa8 Bd4 0-1

[Event "K41 Efteraars EMT Mesterklassen 2008"]
[Site "Valby"]
[Date "2008.10.21"]
[Round "6"]
[White "Jorgensen, Kasper Moller"]
[Black "Roder, Peter Ulrik"]
[Result "1/2-1/2"]
[WhiteElo "1926"]
[BlackElo "2060"]
[PlyCount "104"]
[EventDate "2008.??.??"]

1. e4 c5 2. Nf3 d6 3. Bb5+ Nc6 4. O-O Bg4 5. d3 Nf6 6. Re1 e5 7. Bxc6+ bxc6 8.
Nbd2 Be7 9. Nf1 Qd7 10. h3 Bh5 11. Ng3 Bg6 12. Nh2 a5 13. f4 exf4 14. Bxf4 O-O
15. Nhf1 Ne8 16. Ne3 Bh4 17. Rf1 Bxg3 18. Bxg3 d5 19. e5 Nc7 20. Qd2 a4 21. Ng4
Ne6 22. Qc3 h5 23. Nh2 Rab8 24. Rab1 Nd4 25. Qxc5 Ne2+ 26. Kf2 Nxg3 27. Kxg3
Rb5 28. Qe3 d4 29. Qg5 Rc5 30. Rf2 Qe8 31. Qf4 Qxe5 32. Qxe5 Rxe5 33. Nf3 Re3
34. Re1 Rxe1 35. Nxe1 Rb8 36. b3 axb3 37. axb3 Re8 38. Nf3 c5 39. Kf4 f6 40.
Nd2 Kf7 41. h4 Re1 42. Nf1 Ke6 43. Ng3 Rg1 44. Nf1 Be8 45. Ng3 Bc6 46. Nxh5 g6
47. Ng3 Rxg2 48. Rxg2 Bxg2 49. Ne2 Bf1 50. Ng3 Bg2 51. Ne2 Bf1 52. Ng3 Bg2
1/2-1/2

[Event "K41 Efteraars EMT Mesterklassen 2008"]
[Site "Valby"]
[Date "2008.10.21"]
[Round "6"]
[White "Jorgensen, Rasmus"]
[Black "Eriksson, Christian Altenburg"]
[Result "0-1"]
[WhiteElo "2060"]
[BlackElo "1989"]
[PlyCount "96"]
[EventDate "2008.??.??"]

1. e4 c5 2. b3 d6 3. Bb2 Nf6 4. Bb5+ Nbd7 5. Qe2 a6 6. Bxd7+ Bxd7 7. f4 Bb5 8.
c4 Bc6 9. e5 dxe5 10. fxe5 Ne4 11. e6 f6 12. Nf3 g6 13. Nc3 Nxc3 14. Bxc3 Bh6
15. O-O Qd6 16. a3 b5 17. d4 bxc4 18. bxc4 cxd4 19. Nxd4 O-O 20. Rad1 Qc7 21.
Nxc6 Qxc6 22. Bb4 Rfe8 23. Rd7 a5 24. Bxe7 Rxe7 25. Rxe7 Qc5+ 26. Kh1 Qxe7 27.
Qf3 Re8 28. Re1 Rd8 29. h3 Bf8 30. c5 Qxc5 31. Qxf6 Qe7 32. Qe5 a4 33. Rf1 Qxa3
34. Qf4 Qe7 35. Qxa4 Qxe6 36. Qf4 Bd6 37. Qf3 Rf8 38. Qd3 Ra8 39. Rd1 Rd8 40.
Qf3 Qe5 41. Qd5+ Qxd5 42. Rxd5 Kf7 43. g4 Ke6 44. Rd2 Ra8 45. Re2+ Be5 46. Re3
Ra2 47. Rb3 Rc2 48. Rb6+ Kd5 0-1

[Event "K41 Efteraars EMT Mesterklassen 2008"]
[Site "Valby"]
[Date "2008.10.21"]
[Round "6"]
[White "Nielsen, Lars Aaes"]
[Black "Nielsen, Borge Hjerrild"]
[Result "1-0"]
[WhiteElo "2215"]
[BlackElo "2063"]
[PlyCount "57"]
[EventDate "2008.??.??"]

1. e4 c6 2. c4 d5 3. cxd5 cxd5 4. exd5 Nf6 5. Bb5+ Nbd7 6. Nc3 g6 7. d4 Bg7 8.
d6 exd6 9. Qe2+ Qe7 10. Bf4 Qxe2+ 11. Bxe2 Ke7 12. Bf3 Rd8 13. Nge2 Nb6 14. a4
a5 15. O-O Rb8 16. Rfe1 Be6 17. Rad1 Bc4 18. b3 Ba6 19. Nb5 Bxb5 20. Nc3+ Kf8
21. Nxb5 Ne8 22. Bd2 Nc8 23. Bxa5 Rd7 24. Re2 Re7 25. Rxe7 Nxe7 26. Bb4 Nc8 27.
g4 Bf6 28. Rc1 Be7 29. Bxb7 1-0

[Event "K41 Efteraars EMT Mesterklassen 2008"]
[Site "Valby"]
[Date "2008.10.28"]
[Round "7"]
[White "Jorgensen, Rasmus"]
[Black "Lofberg, Jan"]
[Result "1/2-1/2"]
[WhiteElo "2060"]
[BlackElo "1822"]
[PlyCount "32"]
[EventDate "2008.??.??"]

1. e4 e5 2. Nf3 Nc6 3. d4 exd4 4. Nxd4 Qf6 5. Be3 Qg6 6. Nb5 Kd8 7. Nd2 Nf6 8.
Bf4 d6 9. e5 dxe5 10. Nc4+ Bd7 11. Bxe5 Nxe5 12. Nxe5 Bb4+ 13. c3 Re8 14. Qd4
Qf5 15. f4 Bd6 16. O-O-O Bxe5 1/2-1/2

[Event "K41 Efteraars EMT Mesterklassen 2008"]
[Site "Valby"]
[Date "2008.10.28"]
[Round "7"]
[White "Laugesen, Egon"]
[Black "Nielsen, Lars Aaes"]
[Result "0-1"]
[WhiteElo "2024"]
[BlackElo "2215"]
[PlyCount "98"]
[EventDate "2008.??.??"]

1. Nf3 b6 2. g3 Bb7 3. Bg2 Nf6 4. c4 e6 5. Nc3 Bb4 6. Qb3 Nc6 7. a3 Nd4 8. Qd1
Bxc3 9. bxc3 Nxf3+ 10. Bxf3 Bxf3 11. exf3 O-O 12. O-O c5 13. d4 cxd4 14. cxd4
Qc7 15. Bg5 Qxc4 16. Bxf6 gxf6 17. Rc1 Qd5 18. Qd3 Rfc8 19. Qe3 Rc6 20. Rxc6
dxc6 21. Qf4 Kg7 22. Qg4+ Kf8 23. Rc1 Ke7 24. Qf4 Rc8 25. Kg2 Qg5 26. Qe3 Qxe3
27. fxe3 c5 28. e4 c4 29. Rc3 b5 30. Kf2 a5 31. Ke3 b4 32. axb4 axb4 33. Rc1
Kd6 34. Kd2 f5 35. Rb1 c3+ 36. Kc2 Rb8 37. Kb3 fxe4 38. fxe4 f5 39. exf5 exf5
40. Rf1 Kd5 41. Rxf5+ Kxd4 42. Rf7 Rc8 43. Rd7+ Ke3 44. Re7+ Kf2 45. Ra7 c2 46.
Ra2 Kg1 47. Rxc2 Rxc2 48. Kxc2 Kxh2 49. g4 Kg3 0-1

[Event "K41 Efteraars EMT Mesterklassen 2008"]
[Site "Valby"]
[Date "2008.10.28"]
[Round "7"]
[White "Nielsen, Borge Hjerrild"]
[Black "Hagen, Andreas Skytte"]
[Result "1/2-1/2"]
[WhiteElo "2063"]
[BlackElo "2260"]
[PlyCount "60"]
[EventDate "2008.??.??"]

1. d4 Nf6 2. c4 e6 3. Nc3 Bb4 4. Qc2 d5 5. e3 O-O 6. Nf3 c5 7. dxc5 Nc6 8. a3
Bxc5 9. b4 Bd6 10. Bb2 Qe7 11. Rd1 Rd8 12. cxd5 exd5 13. Nb5 Bb8 14. Nbd4 Ne5
15. Be2 Bg4 16. Nxe5 Bxe5 17. Bxg4 Nxg4 18. h3 Rac8 19. Qe2 Nf6 20. O-O Ne4 21.
Rc1 Qd7 22. Rfd1 h6 23. Nf3 Bxb2 24. Qxb2 Rxc1 25. Rxc1 Rc8 26. Rc2 Nd6 27.
Rxc8+ Qxc8 28. Nd4 Qc4 29. Qd2 g6 30. f3 Kf8 1/2-1/2

[Event "K41 Efteraars EMT Mesterklassen 2008"]
[Site "Valby"]
[Date "2008.10.28"]
[Round "7"]
[White "Ottosen, Peder"]
[Black "Eriksson, Christian Altenburg"]
[Result "1/2-1/2"]
[WhiteElo "2021"]
[BlackElo "1989"]
[PlyCount "115"]
[EventDate "2008.??.??"]

1. d4 d5 2. c4 dxc4 3. e3 Nf6 4. Bxc4 e6 5. Nf3 c5 6. Nc3 a6 7. O-O Nc6 8. b3
Qc7 9. Bb2 Bd6 10. d5 exd5 11. Nxd5 Nxd5 12. Qxd5 Be6 13. Qe4 Qe7 14. Bxg7 Rg8
15. Qxh7 O-O-O 16. Qh6 Bxc4 17. bxc4 Qe4 18. Qh3+ Kc7 19. Bf6 Rde8 20. Rac1 Qg6
21. Bc3 f6 22. Nh4 Qh6 23. Kh1 Rg5 24. g3 Rh5 25. Rcd1 Rh8 26. Qe6 Rd8 27. Qxf6
Qh7 28. Kg1 Rd7 29. Rd5 Rh6 30. Qf5 Qg8 31. Ng2 Ne7 32. Rxc5+ Bxc5 33. Qxc5+
Nc6 34. Be5+ Kc8 35. Bf4 Rh8 36. h4 Qg4 37. Qg5 Qe2 38. c5 Qxa2 39. Bd6 Rg8 40.
Qf6 Qf7 41. Qc3 Qf3 42. Nf4 Rdg7 43. Qd2 Rg4 44. Nd5 b5 45. Qa2 a5 46. Ne7+
Nxe7 47. Qe6+ Kb7 48. Qxe7+ Ka6 49. Qe6 R4g6 50. Qh3 b4 51. Qd7 R6g7 52. Qe6
Rg6 53. Qc4+ Ka7 54. Ra1 Rxg3+ 55. Bxg3 Rxg3+ 56. fxg3 Qxg3+ 57. Kf1 Qf3+ 58.
Kg1 1/2-1/2

[Event "K41 Efteraars EMT Mesterklassen 2008"]
[Site "Valby"]
[Date "2008.10.28"]
[Round "7"]
[White "Skov, Palle"]
[Black "Jorgensen, Kasper Moller"]
[Result "1-0"]
[WhiteElo "1819"]
[BlackElo "1926"]
[PlyCount "97"]
[EventDate "2008.??.??"]

1. c4 e5 2. Nc3 Nf6 3. Nf3 Nc6 4. e3 Bb4 5. Qc2 Bxc3 6. Qxc3 Qe7 7. d4 e4 8. d5
exf3 9. dxc6 Ne4 10. Qd4 Qb4+ 11. Bd2 Qxd2+ 12. Qxd2 Nxd2 13. Kxd2 fxg2 14.
cxd7+ Bxd7 15. Bxg2 O-O-O 16. Kc3 Bg4 17. Rhg1 h5 18. f3 Be6 19. Rad1 g5 20.
Rxd8+ Kxd8 21. f4 gxf4 22. Bxb7 fxe3 23. Re1 Rg8 24. Rxe3 Rg4 25. Re4 Kd7 26.
Rd4+ Ke7 27. Bf3 Rg5 28. Rf4 Bh3 29. Re4+ Kf6 30. Rf4+ Kg6 31. Bd5 f5 32. Rf3
Bg2 33. Re3 f4 34. Re6+ Kf5 35. Re7 c5 36. Rxa7 Bxd5 37. cxd5 Ke4 38. d6 Rd5
39. Re7+ Kf3 40. d7 h4 41. Kc4 Rd2 42. Kxc5 Kg2 43. Re2+ Rxe2 44. d8=Q Rc2+ 45.
Kb4 h3 46. Qg5+ Kf3 47. Qd5+ Ke3 48. Qb3+ Kd2 49. Qxh3 1-0